| 000 | 00441nam a2200181Ia 4500 | ||
|---|---|---|---|
| 008 | 230524s9999 xx 000 0 und d | ||
| 020 | _a97800770667112 | ||
| 082 |
_a381.142 _bGRE |
||
| 100 | _aDhruv Grewal | ||
| 245 | 0 | _aMarketing (Special Indian Edition) | |
| 250 | _aIST | ||
| 260 |
_aNEW DELHI _bTMH _c2008 |
||
| 300 | _aXX;1010 | ||
| 500 | _aQuantity Number: 5 | ||
| 650 | _aManagement | ||
| 700 | _a Michael Levy | ||
| 942 | _cBK | ||
| 999 |
_c41953 _d41953 |
||